000 00788nam a2200265Ia 4500
001 22079
005 20260320113340.0
008 260320s9999||||xx |||||||||||||| ||und||
022 _a04786378
041 _aESP
082 _aHR 200 2025 JUL-SET
_bPROYECCIÓN
100 _a
_e
110 _aUniversidad Loyola. Facultad de Teología
245 0 _aProyección :
_bteología y mundo actual
246 _a
_5
_b
260 _aGranada :
_bUniversidad Loyola. Facultad de Teología,
_c2025
300 _aPáginas 232-343 :
_b
_c24 cm.
_e
440 _a
_n
_v
650 _aREL
653 _aTeología - Revista; Cultura - Revista
654 _aCHU
700 _a
_c
856 _uhttps://dialnet.unirioja.es/servlet/revista?codigo=1069
_zVersión digital
942 _cREV
_dJUS
_fMAT
_2ddc
_n
999 _c22079
_d22079